000 00317nam a2200133Ia 4500
005 20251222141923.0
008 251222s9999||||xx |||||||||||||| ||spa||
020 _a84-7141-208-X
082 _a287.1/D48
100 _aDelicado Baeza, José
245 0 _aCristianos en la UIniversidad
264 _bEdice
942 _cLIB
999 _c8778
_d8778